| 000 | 00601nam a22001577a 4500 | ||
|---|---|---|---|
| 005 | 20120317155347.0 | ||
| 020 |
_a8170583659 _c00.00 |
||
| 035 | _aA-708794 | ||
| 037 |
_aDPL _bENG |
||
| 100 |
_aSri Aurobindo _943889 |
||
| 245 |
_aEssays divine and human with thoughts and aphorisms / _cby Sri Aurobindo |
||
| 260 |
_aPondicherry _bSri Aurobindo Ashram _c1994 |
||
| 300 |
_a580p. _c18 cms. |
||
| 942 |
_2ddc _cEN _h181.499 _mAUR |
||
| 999 |
_c64104 _d64104 |
||